| 000 | 01168pam a2200313 a 4500 | ||
|---|---|---|---|
| 003 | OSt | ||
| 005 | 20140310184340.0 | ||
| 008 | 900306s1991 nyua j 000 1 eng | ||
| 010 | _a 90033301 | ||
| 020 | _a0590062255 | ||
| 040 |
_aDLC _cDLC _dDLC |
||
| 042 | _alcac | ||
| 050 | 0 | 0 |
_aPZ 7 _b.M47396Sal 1991 |
| 100 | 1 |
_aMazer, Anne. _94047 |
|
| 245 | 1 | 4 |
_aThe salamander room / _cAnne Mazer ; illustrated by Steve Johnson. |
| 260 |
_aNew York : _bDistributed by Random House, _c1991. |
||
| 300 |
_bcol. ill. ; _c24 cm. |
||
| 521 | _aG4 | ||
| 526 | _c660 | ||
| 650 | 1 |
_aSalamanders _vFiction. _924518 |
|
| 650 | 1 |
_aEcology _vFiction. _924519 |
|
| 700 | 1 |
_aJohnson, Steve, _d1960- _eill. _924520 |
|
| 856 | 4 | 2 |
_3Contributor biographical information _uhttp://www.loc.gov/catdir/bios/random051/90033301.html |
| 856 | 4 | 2 |
_3Publisher description _uhttp://www.loc.gov/catdir/description/random045/90033301.html |
| 906 |
_a7 _bcbc _corignew _d1 _eocip _f19 _gy-gencatlg |
||
| 942 |
_2lcc _cBK-SCHOLAS |
||
| 999 |
_c33816 _d33816 |
||